Použitie metód kontroly toku programu na ochranu proti útokom v IoT
Saved in:
| Main Author: | |
|---|---|
| Other Authors: | |
| Format: | Manuscript Book |
| Language: | Slovak |
| Published: |
2021
|
| Subjects: | |
| Online Access: | http://is.stuba.sk/zp/portal_zp.pl?podrobnosti=157893 |
| Tags: |
No Tags, Be the first to tag this record!
|
MARC
| LEADER | 00000ntm a22000003a 4500 | ||
|---|---|---|---|
| 001 | stuzp85589 | ||
| 003 | SK-STU | ||
| 005 | 20210619211647.1 | ||
| 007 | ta | ||
| 008 | 150427s2015----xo-----f-mn---000-0-slo-d | ||
| 040 | |a STU |b slo | ||
| 041 | 0 | |a slo | |
| 100 | 1 | |a Zeleňák, Matúš |u 070400 |k Z4 |4 aut |U FIIT Fakulta informatiky a informačných technológií |T FIIT Ústav počítačového inžinierstva a aplikovanej informatiky |X 79970 |U I400 |Y 672 |7 79970 | |
| 242 | 0 | 1 | |a Using control flow checking methods against IoT attacks |y eng |
| 245 | 1 | 0 | |a Použitie metód kontroly toku programu na ochranu proti útokom v IoT |
| 260 | |c 2021 | ||
| 650 | 4 | |a CFCSS |2 slo | |
| 650 | 4 | |a GCC plugin |2 slo | |
| 650 | 4 | |a kontrola toku programu |2 slo | |
| 650 | 4 | |a CFCSS |2 eng | |
| 650 | 4 | |a GCC plugin |2 eng | |
| 650 | 4 | |a control-flow checking |2 eng | |
| 700 | 1 | |a Valiček, Michal Richard |u 070400 |k Z3 |4 ths |U FIIT Fakulta informatiky a informačných technológií |T FIIT Ústav počítačového inžinierstva a aplikovanej informatiky |X 56340 |U I400 |Y 672 |7 A000056340 | |
| 856 | 4 | |u http://is.stuba.sk/zp/portal_zp.pl?podrobnosti=157893 | |